<?xml version="1.0" encoding="UTF-8"?>
<record
    xmlns:xsi="http://www.w3.org/2001/XMLSchema-instance"
    xsi:schemaLocation="http://www.loc.gov/MARC21/slim http://www.loc.gov/standards/marcxml/schema/MARC21slim.xsd"
    xmlns="http://www.loc.gov/MARC21/slim">

  <leader>07119nam a2200529 i 4500</leader>
  <controlfield tag="001">89618</controlfield>
  <controlfield tag="003">FINmELB</controlfield>
  <controlfield tag="005">20241217171855.0</controlfield>
  <controlfield tag="006">m     o  u        </controlfield>
  <controlfield tag="007">cr cn|||||||||</controlfield>
  <controlfield tag="008">211013s2006    ag      ob    000 0 spa d</controlfield>
  <datafield tag="020" ind1=" " ind2=" ">
    <subfield code="z">9789871305018</subfield>
  </datafield>
  <datafield tag="035" ind1=" " ind2=" ">
    <subfield code="a">(OCoLC)1280137815</subfield>
  </datafield>
  <datafield tag="040" ind1=" " ind2=" ">
    <subfield code="a">FINmELB</subfield>
    <subfield code="b">spa</subfield>
    <subfield code="e">rda</subfield>
    <subfield code="c">FINmELB</subfield>
  </datafield>
  <datafield tag="050" ind1="0" ind2="0">
    <subfield code="a">Z665</subfield>
    <subfield code="b">.F454 2006</subfield>
  </datafield>
  <datafield tag="080" ind1=" " ind2=" ">
    <subfield code="a">02</subfield>
  </datafield>
  <datafield tag="082" ind1="0" ind2="4">
    <subfield code="a">027.4</subfield>
    <subfield code="2">23</subfield>
  </datafield>
  <datafield tag="100" ind1="1" ind2=" ">
    <subfield code="a">Felecie Soto, Ada Myriam,</subfield>
    <subfield code="e">autor.</subfield>
  </datafield>
  <datafield tag="245" ind1="1" ind2="0">
    <subfield code="a">Biblioteca p&#xFA;blica, sociedad de la informaci&#xF3;n y brecha digital /</subfield>
    <subfield code="c">Ada Myriam Felici&#xE9; Soto.</subfield>
  </datafield>
  <datafield tag="250" ind1=" " ind2=" ">
    <subfield code="a">1a edici&#xF3;n.</subfield>
  </datafield>
  <datafield tag="264" ind1=" " ind2="1">
    <subfield code="a">Buenos Aires :</subfield>
    <subfield code="b">Alfagrama Ediciones,</subfield>
    <subfield code="c">2006.</subfield>
  </datafield>
  <datafield tag="300" ind1=" " ind2=" ">
    <subfield code="a">1 recurso en l&#xED;nea (254 p&#xE1;ginas)</subfield>
  </datafield>
  <datafield tag="336" ind1=" " ind2=" ">
    <subfield code="a">texto</subfield>
    <subfield code="b">txt</subfield>
    <subfield code="2">rdacontent/spa</subfield>
  </datafield>
  <datafield tag="337" ind1=" " ind2=" ">
    <subfield code="a">computadora</subfield>
    <subfield code="b">c</subfield>
    <subfield code="2">rdamedia/spa</subfield>
  </datafield>
  <datafield tag="338" ind1=" " ind2=" ">
    <subfield code="a">recurso en l&#xED;nea</subfield>
    <subfield code="b">cr</subfield>
    <subfield code="2">rdacarrier/spa</subfield>
  </datafield>
  <datafield tag="490" ind1="1" ind2=" ">
    <subfield code="a">Biblioteca Alfagrama</subfield>
  </datafield>
  <datafield tag="504" ind1=" " ind2=" ">
    <subfield code="a">Incluye referencias bibliogr&#xE1;ficas (p&#xE1;ginas [245]-254).</subfield>
  </datafield>
  <datafield tag="505" ind1="0" ind2=" ">
    <subfield code="a">P&#xC1;GINA LEGAL -- INDICE -- PR&#xD3;LOGO -- INTRODUCCI&#xD3;N -- CAP&#xCD;TULO 1: LA SOCIEDAD DE LA INFORMACI&#xD3;N -- SITUACI&#xD3;N GLOBAL -- LA M&#xC9;TRICA DE LA SOCIEDAD DE LA INFORMACI&#xD3;N -- EL PROBLEMA DE LA DESIGUALDAD Y LA EXCLUSI&#xD3;N EN LA SOCIEDAD DE LA INFORMACI&#xD3;N: LA BRECHA DIGITAL -- CAP&#xCD;TULO 2: DISMINUIR LA BRECHA DIGITAL -- LA RESPONSABILIDAD DEL ESTADO ANTE LA PROBLEM&#xC1;TICA DE LA DESIGUALDAD EN LA SOCIEDAD DE LA INFORMACI&#xD3;N -- LA RESPONSABILIDAD DE OTRAS ENTIDADES Y ORGANISMOS ANTE EL PROBLEMA DE LA DESIGUALDAD Y LA EXCLUSI&#xD3;N EN LA SOCIEDAD DE LA INFORMACI&#xD3;N -- ACCIONES QUE SE HAN GENERADO PARA DISMINUIR LA BRECHA DIGITAL -- LA FUNCI&#xD3;N DE LA BIBLIOTECA P&#xDA;BLICA COMO VEH&#xCD;CULO PARA DISMINUIR LA BRECHA DIGITAL -- LA IMPORTANCIA DE LA EDUCACI&#xD3;N EN LA SOCIEDAD DE LA INFORMACI&#xD3;N: LA NUEVA ALFABETIZACI&#xD3;N -- CAP&#xCD;TULO 3: LA BIBLIOTECA P&#xDA;BLICA Y LA SOCIEDAD DE LA INFORMACI&#xD3;N -- LA INTEGRACI&#xD3;N DE LAS NUEVAS TECNOLOG&#xCD;AS DE LA INFORMACI&#xD3;N Y LA COMUNICACI&#xD3;N EN LA BIBLIOTECA P&#xDA;BLICA: EL MODELO NORTEAMERICANO -- RELACI&#xD3;N DE ESTUDIOS SOBRE LA INTEGRACI&#xD3;N DE LAS TECNOLOG&#xCD;AS DE LA INFORMACI&#xD3;N EN LA BIBLIOTECA P&#xDA;BLICA -- LA INTEGRACI&#xD3;N DE LA BIBLIOTECA P&#xDA;BLICA A LA COMUNIDAD LOCAL -- LA PRESENCIA DE LA BIBLIOTECA EN INTERNET: LA IMPORTANCIA DE LA SEDE WEB DE LA BIBLIOTECA -- LOS EDIFICIOS DE BIBLIOTECAS P&#xDA;BLICAS DE CARA A LOS RETOS DE LA SOCIEDAD DE LA INFORMACI&#xD3;N -- CAP&#xCD;TULO 4: LA NECESIDAD DE ESTABLECER POL&#xCD;TICAS DE INFORMACI&#xD3;N -- INTRODUCCI&#xD3;N -- &#xBF;POR QU&#xC9; SON NECESARIAS LAS POL&#xCD;TICAS NACIONALES DE INFORMACI&#xD3;N EN NUESTROS PA&#xCD;SES LATINOAMERICANOS? -- &#xBF;QU&#xC9; DEBE CONTENER UNA POL&#xCD;TICA NACIONAL DE INFORMACI&#xD3;N? -- OBJETIVOS Y FUNCIONES DE LAS POL&#xCD;TICAS NACIONALES DE INFORMACI&#xD3;N -- METODOLOG&#xCD;A Y FASES DE LAS POL&#xCD;TICAS NACIONALES DE INFORMACI&#xD3;N -- SUGERENCIAS PARA LA IMPLEMENTACI&#xD3;N DE UNA POL&#xCD;TICA NACIONAL DE LA INFORMACI&#xD3;N EN LOS PA&#xCD;SES LATINOAMERICANOS -- CAP&#xCD;TULO 5: MODELO PARA UN DIAGN&#xD3;STICO Y ESTUDIO DEL ESTADO DE LAS BIBLIOTECAS P&#xDA;BLICAS DE CARA A LOS RETOS DE LA SOCIEDAD DE LA INFORMACI&#xD3;N -- INTRODUCCI&#xD3;N -- PLANTEAMIENTO DEL PROBLEMA -- JUSTIFICACI&#xD3;N Y RELEVANCIA DEL ESTUDIO -- ENUNCIADOS -- FUENTES DOCUMENTALES -- DEFINICIONES DE T&#xC9;RMINOS Y CONCEPTOS -- OBJETIVOS GENERALES -- OBJETIVOS ESPEC&#xCD;FICOS -- PREGUNTAS DE LA INVESTIGACI&#xD3;N -- METODOLOG&#xCD;A -- AN&#xC1;LISIS DE LOS RESULTADOS -- CONCLUSIONES DEL ESTUDIO -- CAP&#xCD;TULO 6: LA PERTINENCIA DE UN ENFOQUE DE SEGMENTACI&#xD3;N DEL MERCADO PARA LAS BIBLIOTECAS P&#xDA;BLICAS -- LA T&#xC9;CNICA DE SEGMENTACI&#xD3;N DEL MERCADO -- APLICACI&#xD3;N DE LA SEGMENTACI&#xD3;N DEL MERCADO EN LAS BIBLIOTECAS P&#xDA;BLICAS -- LAS ONGS, LAS ORGANIZACIONES COMUNITARIAS Y EL EMPRESARIADO SOCIAL -- IDENTIFICACI&#xD3;N DE LOS SEGMENTOS DE MAYOR RIESGO DE EXCLUSI&#xD3;N -- CAP&#xCD;TULO 7: PROPUESTA DE UN MODELO DE BIBLIOTECA P&#xDA;BLICA QUE CONTRIBUYA A DISMINUIR LA DESIGUALDAD EN LA SOCIEDAD DE LA INFORMACI&#xD3;N -- MISI&#xD3;N DE LA BIBLIOTECA P&#xDA;BLICA -- PRINCIPIOS B&#xC1;SICOS POR LOS QUE SE REGIR&#xC1; LA BIBLIOTECA P&#xDA;BLICA -- CONDICIONES GENERALES DEL ENTORNO O MARCO DE LAS BIBLIOTECAS P&#xDA;BLICAS -- LINEAMIENTOS PARA LAS BIBLIOTECAS P&#xDA;BLICAS -- POL&#xCD;TICAS NACIONALES DE INFORMACI&#xD3;N -- AP&#xC9;NDICE 1: PROPUESTA DE UN CONJUNTO DE INDICADORES QUE PERMITAN IDENTIFICAR EL ESTADO DE UN PA&#xCD;S RESPECTO DE LA SOCIEDAD DE LA INFORMACI&#xD3;N -- AP&#xC9;NDICE 2: PROPUESTA DE UN CONJUNTO DE INDICADORES PARA LA DIMENSI&#xD3;N DE EDUCACI&#xD3;N EN LA M&#xC9;TRICA DE LA SOCIEDAD DE LA INFORMACI&#xD3;N -- AP&#xC9;NDICE 3: POL&#xCD;TICA DE USO P&#xDA;BLICO DE INTERNET DE LA OFICINA DE SISTEMAS BIBLIOTECARIOS DEL GOBIERNO MUNICIPAL AUT&#xD3;NOMO DE CAROLINA, PUERTO RICO -- BIBLIOGRAF&#xCD;A GENERAL.</subfield>
  </datafield>
  <datafield tag="520" ind1=" " ind2=" ">
    <subfield code="a">El 7 de marzo de 1876 en Estados Unidos de Norteam&#xE9;rica se presento la patente de un nuevo aparato tecnol&#xF3;gico que promet&#xED;a ser de gran beneficio para la humanidad: el tel&#xE9;fono. No obstante, 130 a&#xF1;os despu&#xE9;s, en el a&#xF1;o 2006, mas de la mitad de la poblaci&#xF3;n mundial jamas ha hecho una llamada telef&#xF3;nica. &#xBF;Sorprendente. no? A trav&#xE9;s de la historia de la humanidad, las desigualdades tecnol&#xF3;gicas han sido una constante. Esa tendencia se agudiza con el desarrollo y la proliferaci&#xF3;n de las nuevas tecnolog&#xED;as de la informaci&#xF3;n. Este fen&#xF3;meno, denominado brecha digital, no es otra cosa que la separaci&#xF3;n que existe entre las personas, comunidades o pa&#xED;ses que utilizan estas tecnolog&#xED;as de informaci&#xF3;n y comunicaci&#xF3;n como una parte rutinaria de su vida diaria, y aquellas que no tienen acceso a las mismas, o teni&#xE9;ndolas, no saben como utilizarlas de manera optima para su beneficio. Este libro propone la instituci&#xF3;n de la biblioteca p&#xFA;blica como una de las alternativas viables para enfrentar la amenaza de desigualdad y exclusi&#xF3;n en la sociedad de la informaci&#xF3;n. Si la pr&#xE1;ctica de la democracia descansa en el acceso libre al conocimiento y a la informaci&#xF3;n, entonces la biblioteca p&#xFA;blica desempe&#xF1;a un rol protag&#xF3;nico en el ejercicio de la democracia. La biblioteca p&#xFA;blica es la entidad responsable de proveer acceso gratuito y equitativo a la informaci&#xF3;n a todas las personas de la comunidad, principalmente a las que se encuentren en riesgo de exclusi&#xF3;n de la sociedad de la informaci&#xF3;n, de manera que puedan integrarse y ser parte activa de ese nuevo orden social.</subfield>
  </datafield>
  <datafield tag="588" ind1=" " ind2=" ">
    <subfield code="a">Descripci&#xF3;n basada en metadatos suministrados por el editor y otras fuentes.</subfield>
  </datafield>
  <datafield tag="590" ind1=" " ind2=" ">
    <subfield code="a">Recurso electr&#xF3;nico. Santa Fe, Arg.: elibro, 2021. Disponible v&#xED;a World Wide Web. El acceso puede estar limitado para las bibliotecas afiliadas a elibro.</subfield>
  </datafield>
  <datafield tag="650" ind1=" " ind2="0">
    <subfield code="a">Public libraries.</subfield>
  </datafield>
  <datafield tag="650" ind1=" " ind2="4">
    <subfield code="a">Tecnolog&#xED;as de la informaci&#xF3;n.</subfield>
  </datafield>
  <datafield tag="650" ind1=" " ind2="4">
    <subfield code="a">Sociedad de la informaci&#xF3;n.</subfield>
  </datafield>
  <datafield tag="650" ind1=" " ind2="4">
    <subfield code="a">Brecha digital.</subfield>
  </datafield>
  <datafield tag="650" ind1=" " ind2="4">
    <subfield code="a">Biblioteca p&#xFA;blica.</subfield>
  </datafield>
  <datafield tag="650" ind1=" " ind2="0">
    <subfield code="a">Information society.</subfield>
  </datafield>
  <datafield tag="650" ind1=" " ind2="0">
    <subfield code="a">Digital divide.</subfield>
  </datafield>
  <datafield tag="650" ind1=" " ind2="0">
    <subfield code="a">Libraries and the Internet.</subfield>
  </datafield>
  <datafield tag="655" ind1=" " ind2="4">
    <subfield code="a">Libros electr&#xF3;nicos.</subfield>
  </datafield>
  <datafield tag="797" ind1="2" ind2=" ">
    <subfield code="a">elibro, Corp.</subfield>
  </datafield>
  <datafield tag="830" ind1=" " ind2="0">
    <subfield code="a">Biblioteca Alfagrama.</subfield>
  </datafield>
  <datafield tag="856" ind1="4" ind2="0">
    <subfield code="u">https://elibro.net/ereader/politecnicointernacional/187991</subfield>
  </datafield>
  <datafield tag="999" ind1=" " ind2=" ">
    <subfield code="c">89618</subfield>
    <subfield code="d">89618</subfield>
  </datafield>
</record>
